Gastronomía de la Región de Murcia - Estadísticas

Estadísticas generales
  • Esta prueba ha sido intentada 49 veces
  • La puntuación promedio es 12 de 18
Estadísticas de respuestas
Imagen Respuesta % Correcto
Ensalada murciana
94%
Migas de harina
94%
Marinera
92%
Paparajote
92%
Pastel de carne
92%
Zarangollo
81%
Arroz con conejo y caracoles
78%
Caldo con pelotas
78%
Caldero del Mar Menor
75%
Embutido murciano
75%
Michirones
75%
Huevas de mújol en salazón
64%
Asado de cordero segureño
61%
Pan de Calatrava
58%
Potaje murciano
44%
Arroz con costra
25%
Crespillos
25%
Empanadillas de bonito
14%
No se encontraron pruebas coincidentes
Distribución de puntuación
Porcentaje de gente con cada puntuación
Porcentaje por número respondido
Historial de tus puntuaciones
No has intentado esta prueba.